| 000 | 00477nam a22001697a 4500 | ||
|---|---|---|---|
| 003 | NUST - PNEC | ||
| 005 | 20170116181031.0 | ||
| 008 | 150919b xxu||||| |||| 00| 0 eng d | ||
| 020 | _a0070569282 | ||
| 040 | _cLIBRARY | ||
| 082 | _a621.815 SHI | ||
| 100 |
_911075 _aShigley, Joseph E. |
||
| 245 |
_aBearings and lubrication : a mechanical designers' workbook _cJoseph E. Shigley |
||
| 260 | _cc.1986 | ||
| 650 |
_911076 _aLubrication and lubricants _xME |
||
| 942 |
_2ddc _cBK |
||
| 999 |
_c67729 _d67729 |
||